header

Solid-phase organic syntheses. (Record no. 78135)

MARC details
000 -LEADER
fixed length control field 02188nam a2200361 a 4500
082 04 - DEWEY DECIMAL CLASSIFICATION NUMBER
Classification number 547/.056362
245 00 - TITLE STATEMENT
Title Solid-phase organic syntheses.
260 ## - PUBLICATION, DISTRIBUTION, ETC. (IMPRINT)
Place of publication Hoboken, N.J. :
Name of publisher Wiley,
Year of publication 2012.
300 ## - PHYSICAL DESCRIPTION
Number of Pages xvi, 168 p. :
Other physical details ill.
505 0# - FORMATTED CONTENTS NOTE
Formatted contents note pt. 1. Introduction -- pt. 2. Palladium-mediated SPOS -- pt. 3. Immobilized catalysts and ligands -- pt. 4. Palladium-mediated multifunctional cleavage.
520 ## - SUMMARY, ETC.
Summary, etc "This series informs researchers of major accomplishments in solid-phase organic synthesis and provides actual experimental details and specific references. With this series, a reader will be able to sharpen hands-on skills by following the experimental procedures and refining understanding of the science by studying the chosen reactions. More importantly, this series guides readers in designing novel compound libraries, and may also inspire future breakthroughs. This second volume focuses on palladium chemistry in solid-phase synthesis, and discusses: palladium catalysts and reactions, procedures for preparation and utilization, ligands, and linker reactions"--
650 #0 - SUBJECT ADDED ENTRY--TOPICAL TERM
Topical Term Organopalladium compounds.
Topical Term Organic compounds
Topical Term Solid-phase synthesis.
700 1# - ADDED ENTRY--PERSONAL NAME
Personal name Scott, Peter J. H.
856 40 - ELECTRONIC LOCATION AND ACCESS
Uniform Resource Identifier http://site.ebrary.com/lib/rucke/Doc?id=10575477
520 ## - SUMMARY, ETC.
-- Provided by publisher.

No items available.

© 2026 Rongo University
Contact us: librarian | system librarian | Rongo university